All jetBlue Destinations (2024) - Statistics

General Stats
  • This quiz has been taken 331 times
    155 since last reset
  • The average score is 83 of 113
Answer Stats
Country Answer % Correct
United Kingdom London (Gatwick)
93%
United Kingdom London (Heathrow)
93%
California | Costa Rica San Jose
93%
Massachusetts Boston
92%
Florida Miami
92%
Illinois Chicago (O'Hare)
91%
France Paris
91%
Georgia Atlanta
90%
Ireland Dublin
90%
Cuba Havana
90%
California Los Angeles
90%
New York New York (JFK)
90%
New York New York (LGA)
90%
Florida Orlando
90%
Colombia Bogota
89%
Mexico Cancun
89%
Texas Dallas (DFW)
89%
Colorado Denver
89%
Netherlands Amsterdam
88%
Texas Houston (IAH)
88%
Nevada Las Vegas
88%
Bahamas Nassau
88%
New Jersey Newark
88%
California San Francisco
88%
Canada Vancouver
88%
Texas Austin
87%
Peru Lima
87%
Louisiana New Orleans
87%
Florida Tampa
87%
Michigan Detroit
86%
Pennsylvania Philadelphia
86%
Maine | Oregon Portland
86%
Dominican Republic Santo Domingo
86%
Utah Salt Lake City
85%
Washington Seattle / Tacoma
85%
North Carolina Charlotte
84%
Guatemala Guatemala City
84%
Arizona Phoenix
84%
Puerto Rico San Juan
84%
New York Albany
83%
Maryland Baltimore (BWI)
83%
Belize Belize City
83%
Tennessee Nashville
83%
Ecuador Quito
83%
Ohio Cleveland
82%
Florida Fort Lauderdale
82%
Haiti Port-au-Prince
82%
Jamaica Kingston
81%
Pennsylvania Pittsburgh
81%
California Sacramento
81%
California San Diego
81%
Antigua & Barbuda Antigua
80%
New York Buffalo
80%
Florida Jacksonville
80%
Missouri Kansas City
80%
North Carolina Raleigh / Durham
80%
Texas San Antonio
80%
Colombia Medellin
79%
New Mexico Albuquerque
78%
Barbados Barbados
78%
Dominican Republic Punta Cana
78%
Georgia Savannah
78%
Wisconsin Milwaukee
77%
St. Kitts & Nevis Saint Kitts
77%
St. Lucia Saint Lucia
77%
Virginia Washington (Reagan)
77%
Guyana Georgetown
76%
Nevada Reno
76%
Virginia Richmond
76%
South Carolina Charleston
75%
Connecticut Hartford
75%
Florida Key West
75%
Grenada Grenada
74%
Jamaica Montego Bay
74%
Trinidad & Tobago Port of Spain
74%
Rhode Island Providence
74%
New York Rochester
71%
Netherlands Aruba
70%
Netherlands Curacao
67%
Florida Fort Myers
67%
Colombia Cartagena
65%
Ecuador Guayaquil
64%
Mexico San Jose del Cabo
64%
New York Syracuse
64%
Florida West Palm Beach
63%
Montana Bozeman
61%
Costa Rica Liberia
59%
Massachusetts Martha's Vineyard
57%
Mexico Puerto Vallarta
57%
Netherlands Sint Maarten
57%
North Carolina Asheville
55%
Massachusetts Worcester
55%
California Burbank
54%
California Ontario
54%
California Palm Springs
54%
Florida Sarasota / Bradenton
54%
United Kingdom Bermuda
53%
Massachusetts Nantucket
48%
United Kingdom Grand Cayman
47%
Dominican Republic Santiago de los Caballeros
47%
US Virgin Islands St. Thomas
47%
United Kingdom Providenciales
44%
New York White Plains
42%
Dominican Republic Puerto Plata
41%
Puerto Rico Ponce
38%
Puerto Rico Aguadilla
37%
United Kingdom Edinburgh
36%
France Pointe-a-Pitre
36%
Mexico Tulum
34%
Massachusetts Hyannis
30%
Colorado Hayden
27%
No matching quizzes found
Score Distribution
Percent of People with Each Score
Percentile by Number Answered
Your Score History
You have not taken this quiz since the last reset